Memoria sobre las actividades del Instituto Nacional para la Conservación de la Naturaleza en el año 1972 / (Record no. 82891)

MARC details
000 -LEADER
campo de control de longitud fija 00891nam a2200193 i 4500
001 - NÚMERO DE CONTROL
campo de control 82891
003 - IDENTIFICADOR DE NÚMERO DE CONTROL
campo de control ES-MaACL
005 - FECHA Y HORA DE LA ÚLTIMA TRANSACCIÓN
campo de control 20230906174740.0
007 - CAMPO FIJO DE DESCRIPCIÓN FÍSICA--INFORMACIÓN GENERAL
campo de control de longitud fija t|
008 - DATOS DE LONGITUD FIJA--INFORMACIÓN GENERAL
campo de control de longitud fija 041112s1973 sp ||||1| spa d
110 2# - ENTRADA PRINCIPAL--NOMBRE DE ENTIDAD CORPORATIVA
Nombre de entidad corporativa o nombre de jurisdicción como elemento de entrada Instituto Nacional para la Conservación de la Naturaleza (España)
9 (RLIN) 5197
245 10 - MENCIÓN DEL TÍTULO
Título Memoria sobre las actividades del Instituto Nacional para la Conservación de la Naturaleza en el año 1972 /
Mención de responsabilidad, etc. Ministerio de Agricultura, Instituto Nacional para la Conservación de la Naturaleza.
260 ## - PUBLICACIÓN, DISTRIBUCIÓN, ETC.
Lugar de publicación, distribución, etc. Madrid :
Nombre del editor, distribuidor, etc. Servicio de Publicaciones Agrarias,
Fecha de publicación, distribución, etc. 1973.
300 ## - DESCRIPCIÓN FÍSICA
Extensión 186 p., 2 lám. ;
Dimensiones 29 cm.
610 24 - PUNTO DE ACCESO ADICIONAL DE MATERIA--NOMBRE DE ENTIDAD CORPORATIVA
Nombre de entidad corporativa o nombre de jurisdicción como elemento de entrada Instituto Nacional para la Conservación de la Naturaleza (España)
9 (RLIN) 5197
650 00 - PUNTO DE ACCESO ADICIONAL DE MATERIA--TÉRMINO DE MATERIA
Término de materia o nombre geográfico como elemento de entrada Naturaleza-
Subdivisión general Protección-
Subdivisión geográfica España.
9 (RLIN) 15486
710 1# - ENTRADA AGREGADA--NOMBRE DE ENTIDAD CORPORATIVA
Nombre de entidad corporativa o nombre de jurisdicción como elemento de entrada España.
Unidad subordinada Ministerio de Agricultura.
-- Servicio de Publicaciones Agrarias.
9 (RLIN) 172211
852 ## - LOCALIZACIÓN
Ubicación ES-MaACL
Número de control de estantería E-6445
Holdings
Estatus retirado Estado de pérdida Estado de daño No para préstamo Biblioteca de origen Biblioteca actual Ubicación en estantería Fecha de adquisición Fuente de adquisición Total de préstamos Signatura topográfica completa Código de barras Visto por última vez Precio de reemplazo Tipo de ítem Koha
        Biblioteca del Ateneo de Madrid Biblioteca del Ateneo de Madrid Depósito 2 17/01/2008     E-6445 1086625 23/02/2023 23/02/2023 Libro impreso